Loading...
| Literature - World | 0 | 7 | 0 | 2 | 70 | 122 | 133.86 | 0 | 3 | 0.00 | 0.00 |
| Fine Arts - Auditory | 0 | 7 | 0 | 1 | 70 | 110 | 127.29 | 0 | 1 | 0.00 | 0.00 |
| Philosophy | 0 | 5 | 0 | 0 | 50 | 109 | 122.40 | 0 | 1 | 0.00 | 0.00 |
| History - Other | 0 | 4 | 0 | 1 | 40 | 82 | 113.00 | 0 | 1 | 0.00 | 0.00 |
| Science - Other | 0 | 4 | 1 | 0 | 35 | 91 | 111.00 | 0 | 0 | 0.00 | 0.00 |
| History - World | 0 | 4 | 2 | 3 | 30 | 112 | 120.25 | 0 | 0 | 0.00 | 0.00 |
| Science - Biology | 0 | 4 | 2 | 0 | 30 | 77 | 90.50 | 0 | 1 | 0.00 | 0.00 |
| Fine Arts - Visual | 0 | 4 | 2 | 0 | 30 | 126 | 130.25 | 0 | 0 | 0.00 | 0.00 |
| Science - Chemistry | 0 | 5 | 4 | 2 | 30 | 83 | 116.00 | 0 | 1 | 0.00 | 0.00 |
| Literature - British | 0 | 3 | 0 | 2 | 30 | 120 | 133.00 | 0 | 1 | 0.00 | 0.00 |
| Mythology | 0 | 3 | 0 | 0 | 30 | 73 | 109.00 | 0 | 2 | 0.00 | 0.00 |
| Fine Arts - Other | 0 | 3 | 1 | 2 | 25 | 108 | 126.67 | 0 | 1 | 0.00 | 0.00 |
| Literature - European | 0 | 2 | 0 | 1 | 20 | 133 | 136.00 | 0 | 0 | 0.00 | 0.00 |
| Literature - American | 0 | 2 | 1 | 0 | 15 | 111 | 124.00 | 0 | 0 | 0.00 | 0.00 |
| Other Academic | 1 | 0 | 0 | 0 | 15 | 30 | 30.00 | 1 | 1 | 0.00 | 0.00 |
| Social Science- Edited | 0 | 1 | 0 | 0 | 10 | 85 | 85.00 | 0 | 1 | 0.00 | 0.00 |
| Geography | 0 | 1 | 0 | 1 | 10 | 130 | 130.00 | 0 | 0 | 0.00 | 0.00 |
| Religion | 0 | 1 | 1 | 0 | 5 | 127 | 127.00 | 0 | 0 | 0.00 | 0.00 |
| Science - Physics | 0 | 1 | 1 | 0 | 5 | 108 | 108.00 | 0 | 0 | 0.00 | 0.00 |
| Popular Culture | 0 | 0 | 0 | 0 | 0 | 0.00 | 0 | 0 | 0.00 | 0.00 | |
| Pop Culture | 0 | 0 | 0 | 0 | 0 | 0.00 | 0 | 0 | 0.00 | 0.00 | |
| Social Science | 0 | 0 | 0 | 0 | 0 | 0.00 | 0 | 0 | 0.00 | 0.00 | |
| Current Events | 0 | 0 | 1 | 0 | -5 | 0.00 | 0 | 0 | 0.00 | 0.00 | |
| History - European | 0 | 0 | 2 | 0 | -10 | 0.00 | 0 | 0 | 0.00 | 0.00 |